000 00613cam a22002053a 4500
001 19159
003 PGUSA
005 20140828083415.0
008 060714s2006||||xxu|||||s|||||000 | eng d
040 _aPGUSA
_beng
042 _adc
245 1 0 _aProject Gutenberg DVD :
_bThe July 2006 Special
_h[electronic resource]
260 _bProject Gutenberg,
_c2006
506 _aCopyrighted. Read the copyright notice inside this book for details.
516 _aElectronic text
700 1 _aProject Gutenberg
830 0 _aProject Gutenberg
_v19159
856 4 0 _uhttp://www.gutenberg.org/ebooks/19159
942 _cEB
999 _c248414
_d248414